000
00287nam a2200109Ia 4500
008
220214s9999 xx 000 0 und d
245
0
_a
Economic Times
260
_b
Economic Times
_a
Bombay
500
_a
Ending Volume & Year: 1981,
500
_a
Starting Volume & Year: 1964,
942
_c
BJ
999
_c
3633
_d
3633